Telecourse study guide for against all odds : inside statistics, and introduction to the practice of statistics /

Đã lưu trong:
Chi tiết về thư mục
Tác giả chính: Moore, David S.
Định dạng: Sách
Ngôn ngữ:English
Được phát hành: New York : W.H. Freeman, 1999.
Phiên bản:3rd ed.
Những chủ đề:
Các nhãn: Thêm thẻ
Không có thẻ, Là người đầu tiên thẻ bản ghi này!
Thư viện lưu trữ: Mạng thư viện Đại học Đà Nẵng
LEADER 00907cam a2200325 i 4500
001 000045915
003 5134
005 20030214105008.0
008 010220|1999 vm 000 eng
020 |a 0716728109 (pbk.) 
040 |a IRC  |c IRC  |d IRC 
041 0 |a eng 
082 1 4 |a 519.5  |b MO-D 
100 1 |a Moore, David S. 
245 0 0 |a Telecourse study guide for against all odds :  |b inside statistics, and introduction to the practice of statistics /  |c David S. Moore. 
250 |a 3rd ed. 
260 |a New York :  |b W.H. Freeman,  |c 1999. 
300 |a 255p. :  |b ill. 
630 0 4 |a Statistics. 
650 0 4 |a Mathematical statistics  |x Problems, exercises, etc. 
OWN |a DUT 
999 |a From the UDN01 
TYP |a Monograph 
TYP |a Printed language 
980 |a Mạng thư viện Đại học Đà Nẵng